000 00509cam a2200169 a 4500
001 000002398
005 20200929150207.0
008 700624s1970 maua 001 0 eng
040 _aDO-SdBNP
_bspa
_cBNPHU
082 _a320.495
_bV865h
100 1 _aVlachos, Helen,
_d1911-
_97614
245 1 0 _aHouse arrest /
_cHelen Vlachos.
260 _aBoston :
_bGambit,
_c1970.
300 _a183 p. :
_bil. ;
_c22 cm.
651 4 _aGrecia
_xPolĂ­tica Y Gobierno
_y1935-1967.
_97615
650 4 _aPresos polĂ­ticos
_zGrecia
_97616
999 _c2236
_d2236